[Event "X Open Vallee d'Aoste A"]
[Site "Saint Vincent - Chatillon ITA"]
[Date "2002.02.14"]
[Round "6"]
[White "Georgiev, Vladimir"]
[Black "Roeder, Matthias"]
[Result "1/2-1/2"]
[WhiteElo "2560"]
[BlackElo "2478"]
[PlyCount "37"]
[EventDate "2002.02.09"]

1. d4 Nf6 2. c4 g6 3. Nc3 Bg7 4. e4 d6 5. Bd3 Nc6 6. Nge2 Nd7 7. Bc2 e5 8. d5
Nd4 9. Be3 Nxc2+ 10. Qxc2 O-O 11. O-O f5 12. exf5 gxf5 13. f4 Nf6 14. h3 Nh5
15. Qd2 Bd7 16. Rf3 Qe8 17. Raf1 Qg6 18. c5 Kh8 19. b4 1/2-1/2

[Event "X Open Vallee d'Aoste A"]
[Site "Saint Vincent - Chatillon ITA"]
[Date "2002.02.14"]
[Round "6"]
[White "Glek, Igor V."]
[Black "Polak, Tomas"]
[Result "0-1"]
[WhiteElo "2601"]
[BlackElo "2482"]
[PlyCount "56"]
[EventDate "2002.02.09"]

1. e4 b6 2. d4 Bb7 3. Nc3 e6 4. Nf3 Bb4 5. Bd3 Nf6 6. Bg5 h6 7. Bxf6 Bxc3+ 8.
bxc3 Qxf6 9. O-O d6 10. Nd2 e5 11. f4 Qe7 12. fxe5 dxe5 13. Bc4 O-O 14. Qh5 Nd7
15. Rae1 Rae8 16. Re3 Nf6 17. Qe2 Kh8 18. Rf5 Qd6 19. Bb5 exd4 20. cxd4 c6 21.
Bc4 Qxd4 22. c3 Qd8 23. e5 Nd5 24. Ref3 f6 25. Qe4 Bc8 26. Bd3 Nxc3 27. Qg4
Rxe5 28. Rg3 Rg8 0-1

[Event "X Open Vallee d'Aoste A"]
[Site "Saint Vincent - Chatillon ITA"]
[Date "2002.02.14"]
[Round "6"]
[White "Gurevich, Mikhail N."]
[Black "Sutovsky, Emil"]
[Result "1/2-1/2"]
[WhiteElo "2641"]
[BlackElo "2656"]
[PlyCount "88"]
[EventDate "2002.02.09"]

1. d4 Nf6 2. Nf3 g6 3. Bf4 Bg7 4. e3 d6 5. h3 O-O 6. Be2 c5 7. c3 cxd4 8. exd4
Nd5 9. Bh2 Bh6 10. O-O Nf4 11. Re1 d5 12. Bf1 Nc6 13. Na3 Qb6 14. Qb3 Qd8 15.
Nc2 Na5 16. Qa3 Be6 17. Ne3 Nc4 18. Qb3 Qc8 19. Ng4 Bxg4 20. hxg4 Qxg4 21. Bxf4
Bxf4 22. Rxe7 Bd6 23. Ree1 Qc8 24. Ne5 Bxe5 25. dxe5 Re8 26. Rad1 Nxe5 27. Bb5
Re7 28. Qxd5 Qc7 29. Re4 a6 30. Ba4 h5 31. Qd6 Qxd6 32. Rxd6 b5 33. Bb3 Kf8 34.
f3 Nc4 35. Bxc4 Rxe4 36. fxe4 bxc4 37. Rb6 Re8 38. Kf2 Rxe4 39. Rxa6 g5 40. Rc6
Rf4+ 41. Ke3 Rg4 42. Kf3 Rf4+ 43. Ke3 Rg4 44. Kf3 Rf4+ 1/2-1/2

[Event "X Open Vallee d'Aoste A"]
[Site "Saint Vincent - Chatillon ITA"]
[Date "2002.02.14"]
[Round "6"]
[White "Mantovani, Renzo"]
[Black "Nevednichy, Vladislav"]
[Result "0-1"]
[WhiteElo "2375"]
[BlackElo "2569"]
[PlyCount "70"]
[EventDate "2002.02.09"]

1. d4 Nf6 2. Bg5 c6 3. c3 d5 4. Nd2 Nbd7 5. e3 e5 6. dxe5 Nxe5 7. Ngf3 Ng6 8.
h4 h6 9. Bxf6 Qxf6 10. h5 Ne7 11. a4 g5 12. hxg6 fxg6 13. a5 Bg7 14. Ra4 g5 15.
Bd3 g4 16. Rf4 Qd6 17. Nh4 Be5 18. Rb4 Kd8 19. Qc2 Kc7 20. Nf5 Bxf5 21. Bxf5 h5
22. Bd3 c5 23. Ra4 Raf8 24. f4 gxf3 25. gxf3 c4 26. Be2 Nf5 27. Nf1 Bg3+ 28.
Kd1 Kb8 29. Kc1 Nxe3 30. Nxe3 Bf4 31. Kb1 Bxe3 32. a6 h4 33. Bxc4 dxc4 34. Rxc4
Qxa6 35. Qe4 Bf4 0-1

[Event "X Open Vallee d'Aoste A"]
[Site "Saint Vincent - Chatillon ITA"]
[Date "2002.02.14"]
[Round "6"]
[White "Ortega, Lexy"]
[Black "Komarov, Dimitri"]
[Result "1/2-1/2"]
[WhiteElo "2481"]
[BlackElo "2537"]
[PlyCount "24"]
[EventDate "2002.02.09"]

1. d4 d5 2. c4 dxc4 3. Nf3 Nf6 4. e3 e6 5. Bxc4 c5 6. O-O a6 7. a4 Nc6 8. Qe2
cxd4 9. Rd1 Be7 10. exd4 O-O 11. Nc3 Bb4 12. Bg5 Bd7 1/2-1/2

[Event "X Open Vallee d'Aoste A"]
[Site "Saint Vincent - Chatillon ITA"]
[Date "2002.02.14"]
[Round "6"]
[White "Pavlovic, Milos"]
[Black "Sulava, Nenad"]
[Result "1/2-1/2"]
[WhiteElo "2497"]
[BlackElo "2552"]
[PlyCount "20"]
[EventDate "2002.02.09"]

1. g3 g6 2. Bg2 Bg7 3. e4 c5 4. d3 Nc6 5. Nc3 d6 6. Be3 Rb8 7. Qd2 b5 8. Nge2
b4 9. Nd1 e5 10. O-O Nge7 1/2-1/2

[Event "X Open Vallee d'Aoste A"]
[Site "Saint Vincent - Chatillon ITA"]
[Date "2002.02.14"]
[Round "6"]
[White "Plachetka, Jan"]
[Black "Mirzoev, Azer"]
[Result "1/2-1/2"]
[WhiteElo "2422"]
[BlackElo "2494"]
[PlyCount "72"]
[EventDate "2002.02.09"]

1. e4 c5 2. Nf3 Nf6 3. e5 Nd5 4. Nc3 Nxc3 5. dxc3 Nc6 6. Bf4 e6 7. Qd2 Qc7 8.
O-O-O h6 9. h4 b6 10. Qe3 Bb7 11. Nd2 Ne7 12. Nc4 Nd5 13. Qg3 O-O-O 14. Nd6+
Bxd6 15. exd6 Qc6 16. Bd2 Rdg8 17. c4 Nf6 18. f3 Ne8 19. Bc3 f6 20. Rd2 e5 21.
Bd3 g5 22. hxg5 hxg5 23. Rh3 Nxd6 24. Qh2 Rxh3 25. Qxh3 Re8 26. Bg6 Re6 27.
Qh8+ Kc7 28. b3 Ba6 29. a4 Qb7 30. Rd1 Qc8 31. Qg7 Qd8 32. Rh1 Qe7 33. Qg8 Qd8
34. Qg7 Qe7 35. Qg8 Qd8 36. Qg7 Qe7 1/2-1/2

[Event "X Open Vallee d'Aoste A"]
[Site "Saint Vincent - Chatillon ITA"]
[Date "2002.02.14"]
[Round "6"]
[White "Skripchenko Lautier, Almira"]
[Black "Babula, Vlastimil"]
[Result "0-1"]
[WhiteElo "2498"]
[BlackElo "2551"]
[PlyCount "54"]
[EventDate "2002.02.09"]

1. e4 c5 2. Nf3 Nc6 3. Bb5 d6 4. Bxc6+ bxc6 5. O-O Bg4 6. d3 Nf6 7. Nbd2 Nd7 8.
h3 Bh5 9. c3 e6 10. Qa4 Qc7 11. Re1 Be7 12. d4 O-O 13. c4 Bf6 14. dxc5 Nxc5 15.
Qa3 a5 16. e5 Be7 17. exd6 Bxd6 18. Qc3 Rfd8 19. b3 Nd3 20. Bb2 f6 21. Re3 Bb4
22. Qc2 Bg6 23. Nd4 Nxf2 24. Qc1 Nd3 25. Rxd3 Bxd3 26. Nxe6 Qa7+ 27. c5 Rd5 0-1

[Event "X Open Vallee d'Aoste A"]
[Site "Saint Vincent - Chatillon ITA"]
[Date "2002.02.14"]
[Round "6"]
[White "Timoscenko, Gennadij A."]
[Black "Epishin, Vladimir V."]
[Result "0-1"]
[WhiteElo "2513"]
[BlackElo "2599"]
[PlyCount "102"]
[EventDate "2002.02.09"]

1. d4 Nf6 2. c4 e6 3. Nc3 Bb4 4. Qc2 O-O 5. Nf3 d6 6. g3 Nc6 7. Bg2 e5 8. dxe5
dxe5 9. O-O Bxc3 10. Qxc3 Re8 11. Be3 Qe7 12. Rfd1 h6 13. Nd2 Nd4 14. Bxd4 exd4
15. Qxd4 Qxe2 16. Nf1 c6 17. Ne3 Qh5 18. Re1 Be6 19. b3 Red8 20. Qc3 Rd7 21.
Rad1 Rad8 22. Rxd7 Rxd7 23. Nf1 Qc5 24. Re2 h5 25. Rd2 Ng4 26. h3 Qe5 27. Qxe5
Nxe5 28. Rxd7 Bxd7 29. Ne3 g5 30. Kf1 f5 31. Ke2 f4 32. gxf4 gxf4 33. Nd1 Kg7
34. Nc3 b6 35. c5 bxc5 36. Ne4 c4 37. bxc4 Be6 38. Nd2 Nxc4 39. Nxc4 Bxc4+ 40.
Kd2 Bd5 41. Bxd5 cxd5 42. Kd3 Kf6 43. Kd4 Ke6 44. h4 Kd6 45. f3 a6 46. a3 a5
47. a4 Kc6 48. Ke5 Kc5 49. Kxf4 d4 50. Kg3 d3 51. f4 d2 0-1

[Event "X Open Vallee d'Aoste A"]
[Site "Saint Vincent - Chatillon ITA"]
[Date "2002.02.14"]
[Round "6"]
[White "Tiviakov, Sergei"]
[Black "Chatalbashev, Boris"]
[Result "1/2-1/2"]
[WhiteElo "2614"]
[BlackElo "2529"]
[PlyCount "39"]
[EventDate "2002.02.09"]

1. e4 g6 2. d4 d6 3. c3 Nf6 4. Bd3 Bg7 5. Nf3 O-O 6. O-O Nbd7 7. Bg5 h6 8. Bh4
e5 9. Nbd2 Qe8 10. Re1 Nh5 11. Nc4 Nb6 12. dxe5 Nxc4 13. Bxc4 dxe5 14. Qb3 Bf6
15. Bxf6 Nxf6 16. a4 a5 17. h3 Qe7 18. Rad1 Kg7 19. Rd2 Re8 20. Qb5 1/2-1/2

[Event "X Open Vallee d'Aoste A"]
[Site "Saint Vincent - Chatillon ITA"]
[Date "2002.02.14"]
[Round "6"]
[White "Tseitlin, Mark D."]
[Black "Scalcione, Michelangelo"]
[Result "1-0"]
[WhiteElo "2486"]
[BlackElo "2329"]
[PlyCount "61"]
[EventDate "2002.02.09"]

1. e4 d6 2. d4 c6 3. f4 g6 4. Nf3 Bg7 5. Nc3 b5 6. Bd3 Bg4 7. e5 Qb6 8. h3 Bxf3
9. Qxf3 b4 10. Ne2 e6 11. O-O Ne7 12. c4 d5 13. c5 Qb7 14. g4 Nd7 15. f5 gxf5
16. gxf5 Nxf5 17. Ng3 Nxe5 18. dxe5 Nh4 19. Qe2 Ng6 20. Nh5 Bxe5 21. Bg5 Rg8
22. Kh1 Qc7 23. Rf3 Bh8 24. Raf1 Ne5 25. Rxf7 Qxf7 26. Rxf7 Kxf7 27. Qf2+ Ke8
28. Nf6+ Kf7 29. Nxh7+ Ke8 30. Nf6+ Kf7 31. Nxd5+ 1-0

[Event "X Open Vallee d'Aoste A"]
[Site "Saint Vincent - Chatillon ITA"]
[Date "2002.02.14"]
[Round "6"]
[White "Vera Gonzalez-Quevedo, Reynaldo"]
[Black "Lazarev, Vladimir"]
[Result "1-0"]
[WhiteElo "2534"]
[BlackElo "2461"]
[PlyCount "95"]
[EventDate "2002.02.09"]

1. d4 d5 2. c4 dxc4 3. Nf3 Nf6 4. e3 e6 5. Bxc4 c5 6. O-O a6 7. Bb3 Nc6 8. Nc3
Be7 9. dxc5 Qxd1 10. Rxd1 Bxc5 11. Bd2 Ba7 12. Rac1 Bd7 13. Ng5 Ke7 14. Nge4
Nxe4 15. Nxe4 Rhd8 16. h3 Be8 17. g4 f6 18. Bc3 Bg6 19. Ng3 Rxd1+ 20. Rxd1 Bc5
21. Nh5 Rg8 22. Kf1 Bb4 23. Bxb4+ Nxb4 24. Nf4 Bf7 25. Rc1 Rd8 26. Ke2 g5 27.
a3 gxf4 28. Rc7+ Rd7 29. Rxd7+ Kxd7 30. axb4 fxe3 31. Kxe3 Bg6 32. f4 Kd6 33.
Kd4 h5 34. gxh5 Bxh5 35. h4 b6 36. Bc4 e5+ 37. fxe5+ fxe5+ 38. Ke4 Bg6+ 39. Ke3
a5 40. Be2 Kd5 41. h5 Bh7 42. Bb5 e4 43. Be8 Kc4 44. bxa5 bxa5 45. Bg6 Bg8 46.
h6 Kb4 47. Bxe4 Kb3 48. Bd5+ 1-0

[Event "X Open Vallee d'Aoste A"]
[Site "Saint Vincent - Chatillon ITA"]
[Date "2002.02.14"]
[Round "6"]
[White "Volzhin, Alexander"]
[Black "Volokitin, Andrei"]
[Result "1/2-1/2"]
[WhiteElo "2521"]
[BlackElo "2586"]
[PlyCount "44"]
[EventDate "2002.02.09"]

1. d4 Nf6 2. c4 g6 3. Nc3 Bg7 4. e4 d6 5. Be2 O-O 6. Bg5 Na6 7. Nf3 h6 8. Be3
e5 9. O-O Ng4 10. Bc1 Qe8 11. dxe5 dxe5 12. b3 Qe7 13. a4 Rd8 14. Nd5 Qe8 15.
h3 Nf6 16. Qc2 Nh5 17. Ba3 Kh7 18. Rfd1 c6 19. Ne3 Nf4 20. Bf1 b6 21. Rxd8 Qxd8
22. Ng4 Bxg4 1/2-1/2

[Event "X Open Vallee d'Aoste A"]
[Site "Saint Vincent - Chatillon ITA"]
[Date "2002.02.15"]
[Round "7"]
[White "Bellia, Fabrizio"]
[Black "Skripchenko Lautier, Almira"]
[Result "1/2-1/2"]
[WhiteElo "2419"]
[BlackElo "2498"]
[PlyCount "84"]
[EventDate "2002.02.09"]

1. d4 c5 2. e3 g6 3. c4 Bg7 4. Nf3 Nf6 5. Be2 O-O 6. O-O d6 7. Nc3 Nc6 8. b3
Bf5 9. Bb2 cxd4 10. exd4 d5 11. Ne5 dxc4 12. Nxc6 bxc6 13. Bxc4 Nd5 14. Na4 Nb6
15. Nxb6 axb6 16. Qd2 Qd6 17. Rfd1 Rfd8 18. Qe1 Rd7 19. a4 Rad8 20. Qe2 Qf4 21.
g3 Qe4 22. Qxe4 Bxe4 23. Re1 Bf5 24. Rac1 e6 25. Be2 Be4 26. Bc4 Bf3 27. Re3
Bh5 28. h3 g5 29. Be2 Bxe2 30. Rxe2 Bxd4 31. Bxd4 Rxd4 32. Rxc6 Rb4 33. Re5 Rd5
34. Re3 Rd1+ 35. Kg2 Rb1 36. Rcc3 Kg7 37. Rf3 Kg6 38. Rc7 f6 39. Re3 e5 40. Rc6
R1xb3 41. Rxe5 Rc3 42. Rd6 Rd3 1/2-1/2

[Event "X Open Vallee d'Aoste A"]
[Site "Saint Vincent - Chatillon ITA"]
[Date "2002.02.15"]
[Round "7"]
[White "Castaldo, Folco"]
[Black "Skembris, Spyridon"]
[Result "0-1"]
[WhiteElo "2295"]
[BlackElo "2464"]
[PlyCount "104"]
[EventDate "2002.02.09"]

1. e4 e5 2. Nf3 Nc6 3. Bb5 a6 4. Ba4 Nf6 5. O-O Nxe4 6. d4 b5 7. Bb3 d5 8. dxe5
Be6 9. Nbd2 Bc5 10. Nxe4 dxe4 11. Bxe6 fxe6 12. Qxd8+ Rxd8 13. Ng5 O-O 14. Nxe4
Bb6 15. Be3 Bxe3 16. fxe3 Rd5 17. Rxf8+ Kxf8 18. Kf2 Ke7 19. Ke2 Rxe5 20. Nd2
Nb4 21. Nf3 Re4 22. Kd2 Nd5 23. Re1 c5 24. Re2 h6 25. a3 Kd6 26. Kd3 Rg4 27.
Kd2 a5 28. g3 Nf6 29. Re1 a4 30. Ke2 e5 31. Rd1+ Nd5 32. Nd2 Ke6 33. Kf3 Nf6
34. e4 c4 35. h3 Rg6 36. Nb1 Nh5 37. g4 Rf6+ 38. Ke3 Nf4 39. Nc3 Nxh3 40. Nxb5
Nf2 41. Nc7+ Kf7 42. Rd7+ Kf8 43. g5 hxg5 44. Nd5 Ng4+ 45. Kd2 Rf2+ 46. Kc3 Nf6
47. Ra7 g4 48. Nc7 Nxe4+ 49. Kxc4 Ng5 50. Kd5 g3 51. Rxa4 e4 52. Ne6+ Nxe6 0-1

[Event "X Open Vallee d'Aoste A"]
[Site "Saint Vincent - Chatillon ITA"]
[Date "2002.02.15"]
[Round "7"]
[White "Cebalo, Miso"]
[Black "Khenkin, Igor"]
[Result "1-0"]
[WhiteElo "2492"]
[BlackElo "2584"]
[PlyCount "89"]
[EventDate "2002.02.09"]

1. d4 d5 2. c4 c6 3. Nf3 Nf6 4. Nc3 e6 5. Bg5 h6 6. Bxf6 Qxf6 7. e3 Nd7 8. Bd3
dxc4 9. Bxc4 g6 10. O-O Qe7 11. Qc2 Bg7 12. Rad1 O-O 13. Rfe1 a6 14. a3 b6 15.
e4 Bb7 16. Ba2 Rac8 17. e5 c5 18. d5 c4 19. Qe4 Qc5 20. Qg4 h5 21. Qh3 Qe7 22.
Bb1 Rc5 23. dxe6 fxe6 24. Nd4 Rxe5 25. Rxe5 Nxe5 26. Qxe6+ Qf7 27. h3 b5 28.
Ne4 Bxe4 29. Bxe4 Rd8 30. Qxa6 Qf4 31. Bd5+ Rxd5 32. Qa8+ Kh7 33. Qxd5 Nd3 34.
Nf3 Qf5 35. Qxf5 gxf5 36. b3 b4 37. bxc4 Nb2 38. Rd7 bxa3 39. c5 Na4 40. Ra7
Nxc5 41. Rxa3 Kg6 42. Ra5 Ne4 43. Ne5+ Kg5 44. h4+ Kh6 45. Rb5 1-0

[Event "X Open Vallee d'Aoste A"]
[Site "Saint Vincent - Chatillon ITA"]
[Date "2002.02.15"]
[Round "7"]
[White "Contin, Daniel"]
[Black "Delchev, Aleksander"]
[Result "0-1"]
[WhiteElo "2358"]
[BlackElo "2591"]
[PlyCount "70"]
[EventDate "2002.02.09"]

1. Nf3 g6 2. c4 Bg7 3. d4 Nf6 4. g3 O-O 5. Bg2 d6 6. Nc3 Nc6 7. b3 Bf5 8. Bb2
Ne4 9. Nxe4 Bxe4 10. Qd2 d5 11. Rc1 dxc4 12. Rxc4 Bd5 13. Rc2 a5 14. Bc3 Be4
15. Rc1 a4 16. b4 Na7 17. Ba1 Nb5 18. e3 b6 19. O-O Qd5 20. Qe2 Qh5 21. Rfd1 a3
22. d5 Bxa1 23. Qxb5 Bb2 24. Nd4 Bxg2 25. Kxg2 Bxc1 26. Rxc1 Qe5 27. Nc6 Qe4+
28. Kg1 Rfe8 29. Qc4 Qxc4 30. Rxc4 e6 31. dxe6 Rxe6 32. Kf1 Ra4 33. Ke2 b5 34.
Rc5 Rxc6 35. Rxc6 Rxb4 0-1

[Event "X Open Vallee d'Aoste A"]
[Site "Saint Vincent - Chatillon ITA"]
[Date "2002.02.15"]
[Round "7"]
[White "Efimov, Igor"]
[Black "Vera Gonzalez-Quevedo, Reynaldo"]
[Result "1/2-1/2"]
[WhiteElo "2444"]
[BlackElo "2534"]
[PlyCount "26"]
[EventDate "2002.02.09"]

1. d4 Nf6 2. Nf3 d5 3. c4 dxc4 4. e3 e6 5. Bxc4 c5 6. O-O a6 7. dxc5 Bxc5 8.
Qxd8+ Kxd8 9. Be2 Ke7 10. Nbd2 Nbd7 11. Nb3 Bd6 12. Rd1 b6 13. Rd5 Nxd5 1/2-1/2

[Event "X Open Vallee d'Aoste A"]
[Site "Saint Vincent - Chatillon ITA"]
[Date "2002.02.15"]
[Round "7"]
[White "Genocchio, Daniele"]
[Black "Fernandez Garcia, Jose' Luis"]
[Result "1/2-1/2"]
[WhiteElo "2303"]
[BlackElo "2470"]
[PlyCount "101"]
[EventDate "2002.02.09"]

1. e4 e5 2. Nf3 Nc6 3. d4 exd4 4. Nxd4 Bc5 5. Nb3 Bb6 6. g3 Qf6 7. Qe2 d6 8.
Nc3 Nge7 9. Be3 Be6 10. f4 Bxb3 11. axb3 Nd4 12. Bxd4 Qxd4 13. Qd2 O-O 14. Qxd4
Bxd4 15. O-O-O Bc5 16. Bh3 Rfd8 17. Rd3 Nc6 18. Na4 Bb6 19. c3 Kf8 20. Rhd1 Bf2
21. Rf1 Bb6 22. Rfd1 Ba5 23. b4 b5 24. bxa5 bxa4 25. Kc2 Nxa5 26. Rd4 Nb3 27.
Rxa4 Nc5 28. Ra5 a6 29. Bg2 Nb7 30. Ra3 Ra7 31. Rda1 Re8 32. Rxa6 Rxa6 33. Rxa6
Nc5 34. Ra7 Nxe4 35. Rxc7 Nf6 36. Kd2 h5 37. b4 d5 38. Bf3 Ra8 39. Ke3 Ra2 40.
h3 Rh2 41. b5 Rb2 42. Rb7 Rc2 43. Kd3 Rf2 44. Ke3 Rc2 45. Rc7 Rb2 46. g4 hxg4
47. hxg4 Rxb5 48. g5 Ne8 49. Rd7 Rc5 50. Kd4 Rc4+ 51. Ke5 1/2-1/2

[Event "X Open Vallee d'Aoste A"]
[Site "Saint Vincent - Chatillon ITA"]
[Date "2002.02.15"]
[Round "7"]
[White "Ibrahimov, Rasul"]
[Black "Georgiev, Vladimir"]
[Result "1/2-1/2"]
[WhiteElo "2436"]
[BlackElo "2560"]
[PlyCount "60"]
[EventDate "2002.02.09"]

1. Nf3 Nf6 2. g3 g6 3. b3 Bg7 4. Bb2 O-O 5. Bg2 d6 6. d4 c5 7. O-O cxd4 8. Nxd4
d5 9. c4 e5 10. Nc2 dxc4 11. bxc4 Nc6 12. Nd2 Be6 13. Ne3 Bh6 14. Bxc6 bxc6 15.
Bxe5 Bh3 16. Ng2 Re8 17. Nf3 Qxd1 18. Rfxd1 Ng4 19. Nf4 Nxe5 20. Nxh3 Nxf3+ 21.
exf3 Re2 22. Rd7 a5 23. a4 Rc2 24. f4 Rxc4 25. Ng5 Rf8 26. Rb1 Rxa4 27. Rbb7
Bxg5 28. fxg5 Rb4 29. Ra7 Rb5 30. h4 Kg7 1/2-1/2

[Event "X Open Vallee d'Aoste A"]
[Site "Saint Vincent - Chatillon ITA"]
[Date "2002.02.15"]
[Round "7"]
[White "Jonkman, Harmen"]
[Black "Collas, Didier"]
[Result "1/2-1/2"]
[WhiteElo "2498"]
[BlackElo "2409"]
[PlyCount "130"]
[EventDate "2002.02.09"]

1. e4 c5 2. c3 d5 3. exd5 Qxd5 4. d4 Nf6 5. Nf3 e6 6. Be3 cxd4 7. cxd4 Nc6 8.
Nc3 Qd6 9. a3 Be7 10. Bd3 b6 11. O-O Bb7 12. Qe2 O-O 13. Rad1 Rfd8 14. Rfe1 Rd7
15. Bg5 Rad8 16. Bxf6 Bxf6 17. d5 exd5 18. Nxd5 Ne7 19. Nxf6+ Qxf6 20. Ne5 Rd4
21. Ng4 Qc6 22. f3 Ng6 23. Be4 Qd6 24. Nf2 Bxe4 25. Nxe4 Qe5 26. Rxd4 Qxd4+ 27.
Qf2 f6 28. Qxd4 Rxd4 29. Rc1 Rd7 30. g3 Kf7 31. f4 Ne7 32. Kf2 h6 33. Ke2 Ke6
34. Rc4 h5 35. b4 Kf5 36. b5 h4 37. Nf2 hxg3 38. hxg3 Ke6 39. g4 g6 40. Nd3 Kd5
41. Rb4 Nc8 42. g5 Ke6 43. gxf6 Kxf6 44. Ne5 Rc7 45. Ng4+ Ke6 46. Re4+ Kf7 47.
Rd4 Ke6 48. a4 Ne7 49. Re4+ Kf7 50. Ne3 Rc1 51. Kf3 Ra1 52. Rc4 Ke6 53. Ke4 Kd6
54. Rd4+ Ke6 55. Nc2 Rc1 56. Rc4 Kd6 57. Rc3 Rd1 58. Ne3 Ra1 59. Rc4 Re1 60.
Kf3 Ra1 61. Rd4+ Ke6 62. Re4+ Kf7 63. Nc4 Kf6 64. Nd6 Ra3+ 65. Kf2 Ra2+ 1/2-1/2

[Event "X Open Vallee d'Aoste A"]
[Site "Saint Vincent - Chatillon ITA"]
[Date "2002.02.15"]
[Round "7"]
[White "Komarov, Dimitri"]
[Black "Klinova, Masha"]
[Result "1-0"]
[WhiteElo "2537"]
[BlackElo "2432"]
[PlyCount "35"]
[EventDate "2002.02.09"]

1. d4 d6 2. Nf3 Bg4 3. c4 Nd7 4. Nc3 e5 5. g3 Bxf3 6. exf3 exd4 7. Qxd4 Ngf6 8.
g4 Nc5 9. Be3 Be7 10. g5 Ne6 11. Qd2 Nd7 12. f4 c6 13. O-O-O Qa5 14. Kb1 Nb6
15. Bd3 g6 16. a3 Na4 17. b4 Qa6 18. c5 1-0

[Event "X Open Vallee d'Aoste A"]
[Site "Saint Vincent - Chatillon ITA"]
[Date "2002.02.15"]
[Round "7"]
[White "Kraidman, Yair"]
[Black "Drazic, Sinisa"]
[Result "1-0"]
[WhiteElo "2305"]
[BlackElo "2471"]
[PlyCount "113"]
[EventDate "2002.02.09"]

1. d4 e6 2. Nf3 Nf6 3. c4 b6 4. g3 Ba6 5. Nbd2 Be7 6. Bg2 O-O 7. O-O c6 8. b3
d5 9. Bb2 b5 10. Ne5 Nfd7 11. cxd5 cxd5 12. Ndf3 b4 13. Qd2 Nf6 14. Rfc1 Ne4
15. Qe1 f6 16. Nd3 Qb6 17. Rc2 Nc6 18. Rac1 Bb5 19. Nc5 Bxc5 20. dxc5 Qa6 21.
Nd4 Nxd4 22. Bxd4 Rfd8 23. f3 Ng5 24. Qd2 Rac8 25. Kf2 Rb8 26. c6 Rdc8 27. c7
Rb7 28. Qxb4 e5 29. Be3 Bd7 30. Qd2 Qe6 31. Bxg5 fxg5 32. Qxg5 h6 33. Qd2 Rbxc7
34. Rxc7 Rxc7 35. Rxc7 Qb6+ 36. e3 Qxc7 37. Qxd5+ Kh8 38. Qc4 Qd6 39. Bf1 Qd2+
40. Qe2 Qc1 41. Qd3 Qb2+ 42. Kg1 Be6 43. Qd8+ Bg8 44. Qa5 e4 45. fxe4 Qb1 46.
Qxa7 Qxe4 47. Qd4 Qb1 48. Qd2 Be6 49. Kf2 Qf5+ 50. Ke1 Qb1+ 51. Qd1 Qxa2 52.
Qd8+ Bg8 53. Bc4 Qb1+ 54. Kd2 Qb2+ 55. Kd3 Qb1+ 56. Kc3 Qa1+ 57. Kb4 1-0

[Event "X Open Vallee d'Aoste A"]
[Site "Saint Vincent - Chatillon ITA"]
[Date "2002.02.15"]
[Round "7"]
[White "Mirzoev, Azer"]
[Black "Palac, Mladen"]
[Result "0-1"]
[WhiteElo "2494"]
[BlackElo "2580"]
[PlyCount "72"]
[EventDate "2002.02.09"]

1. d4 Nf6 2. Nf3 g6 3. g3 Bg7 4. Bg2 d5 5. O-O O-O 6. Nbd2 Na6 7. c4 c5 8. cxd5
Nxd5 9. dxc5 Nxc5 10. Nb3 Nxb3 11. Qxb3 Nb6 12. Rd1 Qe8 13. Nd4 e5 14. Nc2 Be6
15. Qb4 Qa4 16. Qxa4 Nxa4 17. Bxb7 Rab8 18. Bd5 Nxb2 19. Bxb2 Bxd5 20. Ba3 Rfd8
21. Be7 Rd7 22. Nb4 Be6 23. Rxd7 Bxd7 24. Rd1 Ba4 25. Rd5 Bf8 26. Bxf8 Kxf8 27.
a3 Rb5 28. Rd8+ Ke7 29. Ra8 a5 30. Ra7+ Kf8 31. Nd3 e4 32. Nf4 g5 33. Nh5 Rb1+
34. Kg2 Bd1 35. Nf6 Bxe2 36. g4 Bf1+ 0-1

[Event "X Open Vallee d'Aoste A"]
[Site "Saint Vincent - Chatillon ITA"]
[Date "2002.02.15"]
[Round "7"]
[White "Nevednichy, Vladislav"]
[Black "Tseitlin, Mark D."]
[Result "1/2-1/2"]
[WhiteElo "2569"]
[BlackElo "2486"]
[PlyCount "108"]
[EventDate "2002.02.09"]

1. e4 c5 2. Nf3 Nc6 3. Bb5 d6 4. c3 Nf6 5. Qe2 Bd7 6. d4 cxd4 7. cxd4 a6 8.
Bxc6 Bxc6 9. d5 Bb5 10. Qc2 Qc8 11. Nc3 Qg4 12. Rg1 Rc8 13. Be3 g6 14. h3 Qd7
15. a4 Bc4 16. b3 Bxd5 17. exd5 Nxd5 18. Bd4 Nxc3 19. Bxh8 f6 20. Qd3 Qe6+ 21.
Kf1 Qxb3 22. g4 Qd5 23. Qxd5 Nxd5 24. g5 Kf7 25. Rg4 Kg8 26. Rd4 Rc5 27. gxf6
Kxh8 28. fxe7 Bxe7 29. Rad1 Nc7 30. Re4 Bf8 31. Rb1 b5 32. axb5 axb5 33. Ra1
Rf5 34. Nd4 Rf7 35. Ra7 Kg8 36. Rb7 d5 37. Re2 b4 38. Nc6 Ne6 39. Rb8 Nf4 40.
Re3 Kg7 41. Nxb4 Bc5 42. Rf3 Bxb4 43. Rxb4 g5 44. h4 h6 45. Rg3 Kg6 46. Rb6+
Rf6 47. Rxf6+ Kxf6 48. hxg5+ hxg5 49. Ra3 Kf5 50. Ke1 d4 51. f3 Ne6 52. Ra6 Nf4
53. Kd2 Ng6 54. Kd3 Ne5+ 1/2-1/2

[Event "X Open Vallee d'Aoste A"]
[Site "Saint Vincent - Chatillon ITA"]
[Date "2002.02.15"]
[Round "7"]
[White "Roiz, Michael"]
[Black "Plachetka, Jan"]
[Result "1/2-1/2"]
[WhiteElo "2507"]
[BlackElo "2422"]
[PlyCount "82"]
[EventDate "2002.02.09"]

1. d4 Nf6 2. Nf3 e6 3. c4 d5 4. g3 dxc4 5. Bg2 Nc6 6. Qa4 Bd7 7. Qxc4 Na5 8.
Qd3 c5 9. Nc3 Bc6 10. O-O cxd4 11. Nxd4 Bxg2 12. Kxg2 Nc6 13. Qb5 Qd7 14. Nxc6
bxc6 15. Qa6 Nd5 16. e4 Nxc3 17. bxc3 Bc5 18. Rd1 Qc8 19. Qa5 Be7 20. Ba3 Bxa3
21. Qxa3 c5 22. Qa4+ Ke7 23. e5 h6 24. Qh4+ g5 25. Qe4 Rb8 26. Rab1 Qc7 27. h4
Rxb1 28. Rxb1 Rb8 29. Rxb8 Qxb8 30. hxg5 hxg5 31. Qe3 Qb7+ 32. Kh3 Qd5 33.
Qxg5+ Ke8 34. Qg8+ Ke7 35. Qg5+ Ke8 36. Qe3 Qxa2 37. Qxc5 a5 38. c4 a4 39. Qc8+
Ke7 40. Qc5+ Ke8 41. Qc8+ Ke7 1/2-1/2

[Event "X Open Vallee d'Aoste A"]
[Site "Saint Vincent - Chatillon ITA"]
[Date "2002.02.15"]
[Round "7"]
[White "Tyomkin, Dimitri"]
[Black "Borgo, Giulio"]
[Result "1-0"]
[WhiteElo "2501"]
[BlackElo "2417"]
[PlyCount "97"]
[EventDate "2002.02.09"]

1. d4 d5 2. c4 e6 3. Nc3 c6 4. Nf3 Nf6 5. Bg5 Nbd7 6. cxd5 exd5 7. e3 Be7 8.
Qc2 Nh5 9. Bxe7 Qxe7 10. h3 g6 11. O-O-O Nb6 12. g4 Ng7 13. Ne5 Be6 14. Be2
O-O-O 15. Na4 Nxa4 16. Qxa4 Kb8 17. Rd3 Rd6 18. Ra3 b5 19. Qb4 f6 20. Nd3 Bc8
21. Kd2 Rd7 22. Rc1 Qd6 23. Rac3 Bb7 24. Nc5 Ne6 25. Nxd7+ Qxd7 26. a4 Ng5 27.
f3 a6 28. h4 Ne6 29. axb5 axb5 30. Qa5 Rc8 31. Ra1 Rc7 32. Qb6 Qe7 33. Ra7 Qb4
34. Kc2 Nd8 35. Ra5 Qe7 36. Kb1 Kc8 37. Bd3 Nf7 38. h5 Nd6 39. hxg6 hxg6 40.
Bxg6 Kd8 41. b3 Qg7 42. Bc2 Qh6 43. Qc5 Qh1+ 44. Kb2 Ke7 45. e4 Qh2 46. exd5
Kf8 47. Rxb5 cxb5 48. Qxc7 b4 49. Qb8+ 1-0